Focus sur: Ariana Dumbledore - Harry Potter - Statistiques

Statistiques générales
  • Ce quiz a été pris 245 fois
  • Le résultat moyen est 7 sur 9
Statistiques - réponses
Informations recherchées Réponses % Correct
Statut du sang Sang-Mêlé
99%
Frère Albus Dumbledore
98%
Première mention Harry Potter et les Reliques de la Mort
95%
Frère Abelforth Dumbledore
93%
Couleur des cheveux Blond
88%
Père Perceval Dumbledore
78%
Mère Kendra Dumbledore
75%
"Espèce" Obscurial
30%
Actrice l'interprétant dans les films Hebe Beardsall
14%
Aucun quiz correspondant
Distribution des résultats
% des personnes avec chaque résultat
Percentile par nombre de réponses
Votre historique - résultats
Vous n’avez pas pris ce quiz